00000000nam##2200000za#4500
0019.583114
003CaOODSP
00520210624192434
007cr |||||||||||
008150406|2009||||xxc|||||o    f|0| 0 fre|d
020 |a978-0-662-06092-5
022 |a1915-8858
040 |aCaOODSP|bfre
041 |aeng
041 |afre
043 |an-cn---
0861 |aM116-2/092G03-PDF
1101 |aCanada.|bRessources naturelles Canada. |bCentre d'information topographique.
24510|aLulu Island, Colombie-Britannique / |h[ressource électronique]|cÉtablie en partenariat avec Geo BC.
250 |aÉd. 06, version 01
255 |aÉchelle 1:50,000
260 |aOttawa - Ontario : |bRessources naturelles Canada. |c2009.
300 |a1p.|bcarte en couleur
4901 |aCartes topographiques du Canada|x1915-8858|v92-G/3
500 |aSérie A721. Comprend une légende.
590 |a09-47|b2009-11-20
7760#|tLulu Island, British Columbia : |w(CaOODSP)9.546880
791 |tLulu Island, British Columbia / |eeng|w(CaOODSP)9.583113
830#0|aCartes topographiques du Canada,|x1915-8858|v92-G/3|w(CaOODSP)9.500294
85640|ahttp://publications.gc.ca|qPDF|s2828 Ko|uhttps://publications.gc.ca/collections/collection_2009/nrcan/topo/M116-2-092G03.pdf|y92-G/3